[Event "GER-ch U14 Girls"]
[Site "Willingen"]
[Date "2023.05.28"]
[Round "1"]
[White "Moldovan, Tatiana"]
[Black "Hoffmann, Svenja"]
[Result "1-0"]
[WhiteElo "1405"]
[BlackElo "1491"]
[PlyCount "69"]
[EventDate "2023.05.27"]
[EventType "swiss"]
[EventRounds "9"]
[EventCountry "GER"]
[SourceTitle "CBM 214 Extra"]
[Source "ChessBase"]
[SourceDate "2023.07.31"]
[SourceVersion "1"]
[SourceVersionDate "2023.07.31"]
[SourceQuality "1"]

1. e4 e5 2. Nf3 Nc6 3. Bb5 a6 4. Ba4 Nf6 5. d4 exd4 6. 0-0 Be7 7. Re1 b5 8. Bb3 d6 9. Bd5 Nxd5 10. exd5 Ne5 11. Nxe5 dxe5 12. Rxe5 0-0 13. Qh5 Bf6 14. Bg5 Bb7 15. Nd2 h6 16. Bxf6 Qxf6 17. Rae1 Qf4 18. Nb3 Bc8 19. R1e4 Qf6 20. Nxd4 Bd7 21. c3 Rad8 22. Re3 Rfe8 23. Rxe8+ Bxe8 24. Qe5 Qg6 25. Nf5 Kh7 26. Rg3 f6 27. Qe4 Qh5 28. Nxg7+ Bg6 29. Nxh5 Bxe4 30. Nxf6+ Kh8 31. Nxe4 Rxd5 32. Rg8+ Kxg8 33. Nf6+ Kg7 34. Nxd5 c5 35. Nc7 1-0

[Event "GER-chT U12 Girls"]
[Site "Berlin"]
[Date "2022.12.29"]
[Round "7.2"]
[White "Hoffmann, Svenja"]
[Black "Xiao, Yiyi1111"]
[Result "0-1"]
[WhiteElo "1431"]
[BlackElo "1162"]
[PlyCount "56"]
[EventDate "2022.12.26"]
[EventType "team-swiss"]
[EventRounds "7"]
[EventCountry "GER"]
[SourceTitle "EXT 2024"]
[Source "ChessBase"]
[SourceDate "2023.10.10"]
[SourceVersion "1"]
[SourceVersionDate "2023.10.10"]
[SourceQuality "1"]
[WhiteTeam "Magdeburg Schachzwerge"]
[BlackTeam "Berlin Weisse Dame"]
[WhiteTeamCountry "GER"]
[BlackTeamCountry "GER"]

1. e4 e5 2. Nf3 Nc6 3. Bc4 Bc5 4. c3 Nf6 5. d4 exd4 6. cxd4 Bb4+ 7. Nc3 Bxc3+ 8. bxc3 Nxe4 9. Qe2 d5 10. Ng5 0-0 11. Nxe4 dxe4 12. 0-0 Bf5 13. Bf4 Qd7 14. Rad1 Ne7 15. d5 Bg4 16. f3 exf3 17. gxf3 Bh3 18. Rfe1 Ng6 19. Bg3 Rfe8 20. Qb2 Qf5 21. d6 cxd6 22. Bxd6 Qg5+ 23. Bg3 Qc5+ 24. Rd4 Rxe1+ 25. Bxe1 Re8 26. Bf2 Qg5+ 27. Bg3 Re1+ 28. Kf2 Qe3# 0-1

[Event "Sachsen-Anhalt-ch (Women)"]
[Site "Magdeburg"]
[Date "2022.10.31"]
[Round "6"]
[White "Stepanjan, Marianne"]
[Black "Hoffmann, Svenja"]
[Result "0-1"]
[WhiteElo "1525"]
[BlackElo "1339"]
[PlyCount "106"]
[EventDate "2022.10.29"]
[EventType "tourn"]
[EventRounds "7"]
[EventCountry "GER"]
[SourceTitle "CBM 211 Extra"]
[Source "ChessBase"]
[SourceDate "2023.01.31"]
[SourceVersion "1"]
[SourceVersionDate "2023.01.31"]
[SourceQuality "1"]

1. e4 e5 2. Nf3 Nc6 3. Bb5 a6 4. Ba4 b5 5. Bb3 Nf6 6. 0-0 Bb7 7. Re1 Na5 8. Nxe5 Nxb3 9. axb3 Be7 10. d3 0-0 11. Bf4 Re8 12. Nf3 d6 13. Nbd2 Bf8 14. Nf1 c5 15. e5 dxe5 16. Bxe5 Bd6 17. Ng3 Bxf3 18. Qxf3 Bxe5 19. c3 Qd5 20. Qd1 Re6 21. Nf1 Rd8 22. Re3 Bc7 23. Rf3 Rde8 24. Ne3 Qh5 25. h3 Nd5 26. Nc2 Rg6 27. Kf1 Qg5 28. g4 Rf6 29. c4 Nf4 30. cxb5 axb5 31. Ne3 h5 32. Ra7 Bb6 33. Rb7 c4 34. bxc4 Bxe3 35. Rxb5 Qg6 36. fxe3 hxg4 37. Rxf4 gxh3 38. Qd2 Qg3 39. Rxf6 gxf6 40. Ra5 h2 41. Qg2 Rxe3 42. Qxg3+ Rxg3 43. Rh5 Rg1+ 44. Ke2 h1Q 45. Rxh1 Rxh1 46. b4 Kf8 47. b5 Ke7 48. Ke3 Kd6 49. d4 f5 50. c5+ Kd5 51. c6 Rc1 52. Kf4 Kxd4 53. Kxf5 Rc5+ 0-1

[Event "GER-ch U12 Girls"]
[Site "Willingen"]
[Date "2021.08.25"]
[Round "4"]
[White "Tran, Hanna Emilie Mai Ho"]
[Black "Hoffmann, Svenja"]
[Result "1-0"]
[WhiteElo "1077"]
[BlackElo "1307"]
[PlyCount "53"]
[EventDate "2021.08.22"]
[EventType "swiss"]
[EventRounds "9"]
[EventCountry "GER"]
[SourceTitle "EXT 2022"]
[Source "ChessBase"]
[SourceDate "2021.10.06"]
[SourceVersion "1"]
[SourceVersionDate "2021.10.06"]
[SourceQuality "1"]

1. e4 e5 2. Nf3 Nc6 3. Bc4 Bc5 4. c3 Nf6 5. d4 exd4 6. cxd4 Bb4+ 7. Nc3 Nxe4 8. 0-0 Bxc3 9. d5 Bf6 10. Re1 Ne7 11. Rxe4 0-0 12. Rb1 Ng6 13. b3 d6 14. Bb2 Bf5 15. Bxf6 Qxf6 16. Re1 Bxb1 17. Qxb1 Rfe8 18. Rf1 c6 19. b4 a6 20. a4 Qf4 21. Ba2 Nh4 22. Nxh4 Qxh4 23. Qf5 g6 24. Qf3 Qxb4 25. dxc6 Re1 26. Qxf7+ Kh8 27. Qf6# 1-0

[Event "GER-chT Christmas U20 Girls"]
[Site "Playchess.com INT"]
[Date "2020.12.29"]
[Round "5.2"]
[White "Bangsa, Citra"]
[Black "Hoffmann, Svenja"]
[Result "0-1"]
[WhiteElo "1398"]
[BlackElo "1307"]
[PlyCount "26"]
[EventDate "2020.12.29"]
[EventType "team-swiss (blitz)"]
[EventRounds "7"]
[EventCountry "GER"]
[SourceTitle "CBM 200 Extra"]
[Source "ChessBase"]
[SourceDate "2021.03.31"]
[SourceVersion "1"]
[SourceVersionDate "2021.03.31"]
[SourceQuality "1"]
[WhiteTeam "Kelheim"]
[BlackTeam "Magdeburg Schachzwerge"]
[WhiteTeamCountry "GER"]
[BlackTeamCountry "GER"]

1. e4 e5 2. Nf3 Nc6 3. Bc4 Bc5 4. d3 Nf6 5. Bg5 d6 6. 0-0 Be6 7. Bb3 Qd7 8. Bxf6 gxf6 9. Ba4 0-0-0 10. c3 Bh3 11. Nh4 Bxg2 12. Nxg2 Rhg8 13. d4 Qh3 0-1

[Event "GER-ch U10 Girls"]
[Site "Willingen"]
[Date "2019.06.09"]
[Round "1"]
[White "Hoffmann, Svenja"]
[Black "Mirnaya, Veronika"]
[Result "0-1"]
[WhiteElo "1072"]
[BlackElo "1237"]
[PlyCount "60"]
[EventDate "2019.06.08"]
[EventType "swiss"]
[EventRounds "11"]
[EventCountry "GER"]
[SourceTitle "EXT 2020"]
[Source "ChessBase"]
[SourceDate "2019.10.17"]
[SourceVersion "1"]
[SourceVersionDate "2019.10.17"]
[SourceQuality "1"]

1. e4 e5 2. Nf3 Nc6 3. Bc4 Nf6 4. Ng5 d5 5. exd5 Na5 6. Bb5+ c6 7. dxc6 bxc6 8. Ba4 h6 9. Nf3 e4 10. Ne5 Qd5 11. d4 exd3 12. Nxd3 Bb7 13. Nc3 Qd7 14. Be3 Nc4 15. Qf3 Nxe3 16. fxe3 Bd6 17. 0-0-0 0-0 18. h4 Qc7 19. Rhf1 c5 20. g4 Bxf3 21. Rxf3 Nd7 22. Rg1 Ne5 23. Nxe5 Bxe5 24. g5 h5 25. Bb5 Bxc3 26. bxc3 Qb7 27. Bc4 Qxf3 28. Rf1 Qxe3+ 29. Kb1 Rab8+ 30. Ka1 Qxc3# 0-1